000
00234 a2200109 4500
020
_a
8420790451
041
_a
spa
100
_a
Munari, Bruno
245
_a
Caperucita Roja, Verde, Amarilla, Azul y Blanca
942
_c
BK
999
_c
8305
_d
8305
999
_d
8305